Animals from eggs / (Record no. 9978)

MARC details
000 -LEADER
fixed length control field 00967nam a22002897a 4500
001 - CONTROL NUMBER
control field 9978
003 - CONTROL NUMBER IDENTIFIER
control field FISKH
005 - DATE AND TIME OF LATEST TRANSACTION
control field 20260424132824.0
008 - FIXED-LENGTH DATA ELEMENTS--GENERAL INFORMATION
fixed length control field 260323b cb ||||| |||| 00| 0 eng d
020 ## - INTERNATIONAL STANDARD BOOK NUMBER
International Standard Book Number 9780462001142
040 ## - CATALOGING SOURCE
Original cataloging agency FISKH
Language of cataloging eng
Transcribing agency FISKH
Modifying agency FISKH
050 ## - LIBRARY OF CONGRESS CALL NUMBER
Classification number PZ7
082 ## - DEWEY DECIMAL CLASSIFICATION NUMBER
Classification number 591.3
100 ## - MAIN ENTRY--PERSONAL NAME
Personal name Edwards, Sarah
Relator term Author
245 ## - TITLE STATEMENT
Title Animals from eggs /
Statement of responsibility, etc. Written by Sarah Edwards
260 ## - PUBLICATION, DISTRIBUTION, ETC.
Place of publication, distribution, etc. Singapore :
Name of publisher, distributor, etc. Marshall Cavendish International ,
Date of publication, distribution, etc. 2008
300 ## - PHYSICAL DESCRIPTION
Extent 16 pages :
Other physical details color illustrations ;
Dimensions 19 cm
490 ## - SERIES STATEMENT
Series statement My pals are here! :
Volume/sequential designation 13e
505 ## - FORMATTED CONTENTS NOTE
Formatted contents note J<br/>
520 ## - SUMMARY, ETC.
Summary, etc. Do you know some animals that lay eggs? You know that birds lay eggs. But do you know that turtles, platypuses, snakes, fish, frogs, lizards, and spiders lay eggs, too? <br/>
521 8# - TARGET AUDIENCE NOTE
Target audience note 450<br/>
Source Lexile estimate<br/>
521 8# - TARGET AUDIENCE NOTE
Target audience note J<br/>
Source Raz-Plus<br/>
650 ## - SUBJECT ADDED ENTRY--TOPICAL TERM
Topical term or geographic name entry element Animals eggs
Form subdivision Life cycles
650 ## - SUBJECT ADDED ENTRY--TOPICAL TERM
Topical term or geographic name entry element Animal
Form subdivision Reproduction
942 ## - ADDED ENTRY ELEMENTS (KOHA)
Source of classification or shelving scheme Dewey Decimal Classification
Koha item type Books
Suppress in OPAC No
Holdings
Withdrawn status Lost status Source of classification or shelving scheme Damaged status Not for loan Collection Home library Current library Shelving location Date acquired Total Checkouts Full call number Barcode Date last seen Copy number Price effective from Koha item type
    Dewey Decimal Classification     Non-Fiction Footprints International School Library Network Toul Tom Poung Campus Footprints International School Library Network Toul Tom Poung Campus TTP Primary Dark Blue Bookshelves 03/23/2026   EDW 591.3 PZ7 2026-0359 03/23/2026 1 03/23/2026 Books
    Dewey Decimal Classification     Non-Fiction Footprints International School Library Network Toul Tom Poung Campus Footprints International School Library Network Toul Tom Poung Campus TTP Primary Dark Blue Bookshelves 04/24/2026   EDW 591.3 PZ7 FISTK03386 04/24/2026 2 04/24/2026 Books
    Dewey Decimal Classification     Non-Fiction Footprints International School Library Network Toul Tom Poung Campus Footprints International School Library Network Toul Tom Poung Campus TTP Primary Dark Blue Bookshelves 04/24/2026   EDW 591.3 PZ7 FISTK03385 04/24/2026 3 04/24/2026 Books